BSOP header

Whose religion is Christianity? : (Record no. 29486)

MARC details
000 -LEADER
fixed length control field 00670nam a2200181 4500
008 - FIXED-LENGTH DATA ELEMENTS--GENERAL INFORMATION
fixed length control field 070621s2003 miu b 001 0 eng
020 ## - INTERNATIONAL STANDARD BOOK NUMBER
International Standard Book Number 0802821642 :USD7.44
090 ## - LOCALLY ASSIGNED LC-TYPE CALL NUMBER (OCLC); LOCAL CALL NUMBER (OCLC)
Classification number (OCLC) (R) ; Classification number, CALL (RLIN) (NR) BR115.U6
Local cutter number (OCLC) ; Book number/undivided call number, CALL (RLIN) Sa5w
100 1# - MAIN ENTRY--PERSONAL NAME
Personal name Sanneh, Lamin O.
245 10 - TITLE STATEMENT
Title Whose religion is Christianity? :
Remainder of title the gospel beyond the West /
Statement of responsibility, etc Lamin Sanneh.
260 ## - PUBLICATION, DISTRIBUTION, ETC. (IMPRINT)
Place of publication, distribution, etc Grand Rapids, Mich. :
Name of publisher, distributor, etc W.B. Eerdmans Pub.,
Date of publication, distribution, etc c2003.
300 ## - PHYSICAL DESCRIPTION
Extent xii, 138 p. ;
Dimensions 21 cm.
504 ## - BIBLIOGRAPHY, ETC. NOTE
Bibliography, etc Includes bibliographical references (p. 131-136) and index.
650 #4 - SUBJECT ADDED ENTRY--TOPICAL TERM
Topical term or geographic name as entry element Christianity
Geographic subdivision Developing countries
Form subdivision Miscellanea.
951 ## - EQUIVALENCE OR CROSS-REFERENCE-GEOGRAPHIC NAME/AREA NAME [OBSOLETE] [CAN/MARC only]
General subdivision 00035006
951 ## - EQUIVALENCE OR CROSS-REFERENCE-GEOGRAPHIC NAME/AREA NAME [OBSOLETE] [CAN/MARC only]
-- 30776
-- BR115.U6/Sa5w
-- 070622154631750
-- 2000-12-21
-- GC
942 00 - ADDED ENTRY ELEMENTS (KOHA)
Koha issues (borrowed), all copies 2
Holdings
Withdrawn status Lost status Source of classification or shelving scheme Damaged status Not for loan Home library Current library Shelving location Date acquired Accession number Shelving control number Total Checkouts Full call number Barcode Date last seen Date last borrowed Price effective from Koha item type Source of acquisition Copy number
    Library of Congress Classification     BSOP Library BSOP Library GC 12/21/2000 30776 127 2 BR115.U6 Sa5w 00035006 07/03/2023 07/03/2023 02/23/2013 Books    
    Library of Congress Classification     BSOP Library BSOP Library GC 02/12/2016 37615     BR115.U6 Sa5w c.2 00047615 02/12/2016   02/12/2016 Books gift : Drs. George and Anne Harper c.2
    Library of Congress Classification     BSOP Library BSOP Library GC 02/12/2016 37616     BR115.U6 Sa5w c.3 00047616 02/12/2016   02/12/2016 Books gift : Drs. George and Anne Harper c.3
BSOP

Biblical Seminary of the Philippines
  All rights Reserved
  © 2024

CONTACT INFORMATION

Biblical Seminary of the Philippines,
  77-B Karuhatan Road, Valenzuela City,
  PHILIPPINES 1441
  Phone: +632 8292-6795 / 8292-6798
  Fax : +632 8292-6675
  Email: library@bsop.edu.ph